00381nam a22001097a 4500999001900000082000800019100004100027245007400068260002900142300000900171952009100180 c516902d516902 aTNC aKhaitan, Sachitananda Vandana923735 aWho am i ? :bA scientific spiritualcby Sachitananda Vandana Khaitan aDelhibVande Krsnac2012 a52p. 00102ddc406TNC70aIIPAbIIPAd2021-03-22oTNCpGR23387r2021-03-22w2021-03-22yGR